8 Most Abundant Elements in the Crust - Statistics

General Stats
  • This quiz has been taken 33 times
  • The average score is 5 of 8
Answer Stats
Hint Answer % Correct
1 O
92%
5 Ca
83%
7 K
79%
4 Fe
63%
3 Al
54%
8 Mg
54%
6 Na
54%
2 Si
50%
No matching quizzes found
Score Distribution
Percent of People with Each Score
Percentile by Number Answered
Your Score History
You have not taken this quiz